| 000 | 00998nam a22003371i 4500 | ||
|---|---|---|---|
| 001 | 105457 | ||
| 003 | ES-MaACL | ||
| 005 | 20230906183906.0 | ||
| 007 | t| | ||
| 008 | 060714s1979 sp r ||||0| spa d | ||
| 016 | 7 | _zIND91027177 | |
| 020 | _a84-323-0336-4 | ||
| 040 |
_aM-BN _bspa _cA2 |
||
| 080 | _a141.82(4-15) | ||
| 080 | _a330.852(4-15) | ||
| 100 | 1 |
_aAnderson, Perry. _921462 |
|
| 245 | 1 | 0 |
_aConsideraciones sobre el marxismo occidental / _cpor Perry Anderson ; [traducción del inglés de Néstor Míguez]. |
| 250 | _a1ª ed. | ||
| 260 |
_aMadrid : _bSiglo Veintiuno de España, _c1979. |
||
| 300 |
_a3 h., 153 p. ; _c21 cm. |
||
| 490 | 1 | _aTeoría | |
| 500 | _aIndices. | ||
| 500 | _aBiblioteca Juan Andrade. | ||
| 650 | 1 | 4 |
_aMarxismo- _zEuropa occidental. _914804 |
| 700 | 1 |
_aMíguez, Néstor. _981054 |
|
| 830 | 0 |
_aTeoría _9177535 |
|
| 852 |
_aES-MaACL _jAND-257 _bR.109574 |
||
| 852 |
_aES-MaACL _jA-9557 _bR.98739 |
||
| 999 |
_c105457 _d105457 |
||